[Event "Aurora Spring op U2000"]
[Site "Aurora"]
[Date "2018.03.25"]
[Round "5.13"]
[White "Qu, Greta"]
[Black "Moran Venegas, Mario"]
[Result "0-1"]
[WhiteElo "1581"]
[BlackElo "1794"]
[PlyCount "64"]
[EventDate "2018.03.24"]
[EventType "swiss"]
[EventRounds "5"]
[EventCountry "CAN"]
[SourceTitle "EXT 2022"]
[Source "ChessBase"]
[SourceDate "2021.10.06"]
[SourceVersion "1"]
[SourceVersionDate "2021.10.06"]
[SourceQuality "1"]

1. e4 c5 2. Nf3 d6 3. Bb5+ Nd7 4. c3 a6 5. Ba4 b5 6. Bc2 Bb7 7. 0-0 Ngf6 8. Re1 g6 9. d4 cxd4 10. cxd4 Bg7 11. e5 dxe5 12. dxe5 Nd5 13. e6 fxe6 14. Rxe6 0-0 15. Bb3 N7f6 16. Bg5 Kh8 17. a4 Qd7 18. Re1 Rad8 19. axb5 Qxb5 20. Nd4 Qb6 21. Ne6 Nf4 22. Nxd8 Rxd8 23. Qc2 Nxg2 24. Rd1 Rc8 25. Qd3 Ng4 26. Qg3 Nxf2 27. Qxf2 Qxb3 28. Rc1 Rxc1+ 29. Bxc1 Qd1+ 30. Qf1 Bd4+ 31. Be3 Bxe3+ 32. Kh1 Nf4# 0-1

[Event "Canadian op 50th"]
[Site "Ottawa"]
[Date "2013.07.13"]
[Round "1"]
[White "Moran Venegas, Mario"]
[Black "Samsonkin, Artiom"]
[Result "0-1"]
[WhiteElo "1782"]
[BlackElo "2407"]
[PlyCount "96"]
[EventDate "2013.07.13"]
[EventType "swiss"]
[EventRounds "9"]
[EventCountry "CAN"]
[SourceTitle "CBM 155 Extra"]
[Source "ChessBase"]
[SourceDate "2013.08.26"]
[SourceVersion "1"]
[SourceVersionDate "2013.08.26"]
[SourceQuality "1"]

1. e4 d5 2. exd5 Qxd5 3. Nc3 Qa5 4. d4 Nf6 5. Bc4 Bg4 6. f3 Bf5 7. Nge2 c6 8. Bb3 Nbd7 9. Bd2 Qb6 10. Be3 e6 11. Qd2 Qc7 12. 0-0-0 h5 13. Ng3 Bg6 14. Bf4 Bd6 15. Bxd6 Qxd6 16. Nge4 Qc7 17. Qf2 h4 18. g3 0-0-0 19. Rhe1 Kb8 20. Na4 hxg3 21. hxg3 Rh3 22. Qg2 Rdh8 23. Rh1 Rxh1 24. Rxh1 Rxh1+ 25. Qxh1 Nxe4 26. Qh8+ Qc8 27. Qxc8+ Kxc8 28. fxe4 Bxe4 29. Nc3 Nf6 30. Nxe4 Nxe4 31. g4 Nf2 32. g5 g6 33. c4 Ne4 34. d5 Nxg5 35. dxe6 Nxe6 36. Kd2 Kd7 37. Ke3 Kd6 38. Bd1 Ke5 39. b4 f5 40. c5 g5 41. Be2 g4 42. b5 cxb5 43. Bxb5 Nxc5 44. Bf1 f4+ 45. Kf2 Ne4+ 46. Kg1 f3 47. a4 g3 48. a5 Nd2 0-1

[Event "Scarborough CC Spring Into Summer U2000"]
[Site "Toronto"]
[Date "2011.06.02"]
[Round "5"]
[White "Verde, Pino"]
[Black "Moran Venegas, Mario"]
[Result "1/2-1/2"]
[WhiteElo "1660"]
[BlackElo "1835"]
[PlyCount "99"]
[EventDate "2011.04.28"]
[EventType "swiss"]
[EventRounds "9"]
[EventCountry "CAN"]
[SourceTitle "EXT 2022"]
[Source "ChessBase"]
[SourceDate "2021.10.06"]
[SourceVersion "1"]
[SourceVersionDate "2021.10.06"]
[SourceQuality "1"]

1. f4 e5 2. e4 exf4 3. Nf3 g5 4. h4 g4 5. Ne5 Nf6 6. Bc4 d5 7. exd5 Bd6 8. d4 Qe7 9. Bxf4 Nbd7 10. Qe2 Nxe5 11. dxe5 Nh5 12. g3 Nxf4 13. gxf4 Bc5 14. Nd2 Bf5 15. 0-0-0 0-0-0 16. Ne4 Bxe4 17. Qxe4 h5 18. Rd3 Rh6 19. Qf5+ Kb8 20. Qg5 Qf8 21. Rhd1 Be7 22. Qf5 Bxh4 23. Rh1 Qe7 24. d6 cxd6 25. Qxf7 dxe5 26. Rxd8+ Qxd8 27. Rd1 Rd6 28. Rxd6 Qxd6 29. Bd5 Be7 30. c4 exf4 31. Qxh5 g3 32. Qf3 Qe5 33. Qe4 Qg5 34. Kc2 g2 35. Qxg2 Qxg2+ 36. Bxg2 Kc7 37. Kd3 b6 38. Ke4 Bd6 39. Kd5 a5 40. a3 Bf8 41. Kd4 Bg7+ 42. Ke4 Bxb2 43. a4 Bc1 44. Kd5 Be3 45. Bf3 Kd7 46. Bg4+ Ke7 47. Ke5 Kf7 48. Bh5+ Kg7 49. Kf5 Kh7 50. Bf3 1/2-1/2

[Event "Scarborough CC-ch Reserves"]
[Site "Toronto"]
[Date "2011.04.07"]
[Round "7"]
[White "Moran Venegas, Mario"]
[Black "Bellissimo, Joseph F"]
[Result "0-1"]
[WhiteElo "1773"]
[BlackElo "1977"]
[PlyCount "52"]
[EventDate "2011.02.24"]
[EventType "swiss"]
[EventRounds "9"]
[EventCountry "CAN"]
[SourceTitle "EXT 2022"]
[Source "ChessBase"]
[SourceDate "2021.10.06"]
[SourceVersion "1"]
[SourceVersionDate "2021.10.06"]
[SourceQuality "1"]

1. e4 e5 2. Nf3 Nf6 3. Nxe5 d6 4. Nf3 Nxe4 5. d4 d5 6. Bd3 Bd6 7. 0-0 0-0 8. c4 c6 9. Nc3 Nxc3 10. bxc3 dxc4 11. Bxh7+ Kxh7 12. Ng5+ Kg8 13. Qh5 Bf5 14. Re1 Nd7 15. Ne4 Bxe4 16. Bg5 Bg6 17. Qh4 Qa5 18. Re3 f6 19. Qh3 Qf5 20. Qxf5 Bxf5 21. Bh4 Rfe8 22. Rae1 Kf7 23. h3 g5 24. Bg3 Bxg3 25. fxg3 Rxe3 26. Rxe3 Re8 0-1

[Event "Scarborough CC-ch Reserves op"]
[Site "Toronto"]
[Date "2011.03.17"]
[Round "4"]
[White "Moran Venegas, Mario"]
[Black "Ugodnikov, Arkadiy"]
[Result "1-0"]
[WhiteElo "1812"]
[BlackElo "1854"]
[PlyCount "107"]
[EventDate "2010.02.25"]
[EventType "swiss"]
[EventRounds "9"]
[EventCountry "CAN"]
[SourceTitle "EXT 2022"]
[Source "ChessBase"]
[SourceDate "2021.10.06"]
[SourceVersion "1"]
[SourceVersionDate "2021.10.06"]
[SourceQuality "1"]

1. e4 e5 2. Nf3 Nc6 3. Bb5 a6 4. Ba4 Nf6 5. 0-0 Be7 6. Re1 b5 7. Bb3 d6 8. c3 0-0 9. h3 Bb7 10. d4 Re8 11. Nbd2 Bf8 12. Nf1 exd4 13. cxd4 Rxe4 14. Bxf7+ Kh8 15. Rxe4 Nxe4 16. Bd5 Qe7 17. Ng3 Nxg3 18. fxg3 Na5 19. Bg5 Qd7 20. Bxb7 Nxb7 21. Rc1 Re8 22. Bf4 Be7 23. Qc2 c5 24. dxc5 Nxc5 25. Ng5 Bxg5 26. Bxg5 h6 27. Bf4 Ne4 28. Qd3 Re6 29. Qd5 Nf6 30. Qa8+ Kh7 31. Qxa6 d5 32. Qa5 Ne8 33. Rc5 d4 34. Rxb5 Qc6 35. Rc5 Qe4 36. Re5 Rxe5 37. Qxe5 Qb1+ 38. Kh2 Nf6 39. Qxd4 Qxa2 40. b4 Qa4 41. Qd3+ Kg8 42. b5 Qa5 43. Bxh6 Qb6 44. Be3 Qb7 45. Qd8+ Kh7 46. b6 Nd5 47. Bd4 Kg6 48. Qd6+ Kh7 49. g4 Kg8 50. g5 Kh8 51. g6 Ne7 52. Qd8+ Ng8 53. Qh4+ Nh6 54. Qxh6+ 1-0

[Event "Scarborough CC-ch Reserves"]
[Site "Toronto"]
[Date "2011.03.10"]
[Round "3"]
[White "Verde, Pino"]
[Black "Moran Venegas, Mario"]
[Result "0-1"]
[WhiteElo "1694"]
[BlackElo "1773"]
[PlyCount "72"]
[EventDate "2011.02.24"]
[EventType "swiss"]
[EventRounds "9"]
[EventCountry "CAN"]
[SourceTitle "EXT 2022"]
[Source "ChessBase"]
[SourceDate "2021.10.06"]
[SourceVersion "1"]
[SourceVersionDate "2021.10.06"]
[SourceQuality "1"]

1. e4 c5 2. Nf3 d6 3. Bc4 e6 4. 0-0 Nc6 5. c3 Nf6 6. d3 Be7 7. Re1 0-0 8. Bb3 b6 9. Bc2 Bb7 10. d4 cxd4 11. Nxd4 Ne5 12. f4 Ng6 13. Qf3 Rc8 14. g3 Qc7 15. h4 d5 16. e5 Ne4 17. h5 Nh8 18. Nd2 Nxd2 19. Bxd2 Bc5 20. Rac1 f5 21. exf6 Rxf6 22. b4 Bxd4+ 23. cxd4 Qd6 24. g4 Nf7 25. Qd3 g6 26. hxg6 Rxg6 27. Qg3 Rg7 28. Re3 Rc4 29. Rce1 Bc8 30. Bb3 Rc7 31. Qf3 Nh6 32. g5 Nf5 33. Rxe6 Bxe6 34. Rxe6 Nxd4 35. Re8+ Kf7 36. Qe4 Nxb3 0-1

[Event "Scarborough CC Falling Leaves U2000"]
[Site "Toronto"]
[Date "2010.10.28"]
[Round "1"]
[White "Moran Venegas, Mario"]
[Black "Cale, Ferdinand"]
[Result "1-0"]
[WhiteElo "1680"]
[BlackElo "1841"]
[PlyCount "82"]
[EventDate "2010.10.28"]
[EventType "swiss"]
[EventRounds "7"]
[EventCountry "CAN"]
[SourceTitle "EXT 2022"]
[Source "ChessBase"]
[SourceDate "2021.10.06"]
[SourceVersion "1"]
[SourceVersionDate "2021.10.06"]
[SourceQuality "1"]

1. e4 d5 2. exd5 Qxd5 3. Nc3 Qe5+ 4. Nge2 c6 5. d4 Qc7 6. Bf4 Qd8 7. Ng3 e6 8. Be2 Be7 9. 0-0 Nf6 10. Nce4 0-0 11. c4 Nxe4 12. Nxe4 f5 13. Ng3 Nd7 14. Qd2 g5 15. Nh5 gxf4 16. Qxf4 Kh8 17. Rad1 Bg5 18. Qd6 Qe7 19. Qc7 Nb6 20. Qe5+ Bf6 21. Nxf6 Qxf6 22. Qf4 Nd7 23. Rfe1 e5 24. dxe5 Qxe5 25. Qc1 Qg7 26. b3 Nf6 27. Rd3 Ne4 28. Qf4 Be6 29. f3 Ng5 30. Kh1 Bg8 31. Bf1 Ne6 32. Qd2 Rad8 33. Ree3 Rxd3 34. Rxd3 Nc5 35. Rd6 Rf6 36. Rd8 Ne6 37. Rd7 Rf7 38. Rd6 Re7 39. Qd3 Qe5 40. Qd2 c5 41. Rd3 Nd4 1-0

[Event "Toronto Howard Ridout Swiss U2000"]
[Site "Toronto"]
[Date "2010.10.14"]
[Round "5"]
[White "Kurkowski, Ken"]
[Black "Moran Venegas, Mario"]
[Result "1-0"]
[WhiteElo "1638"]
[BlackElo "1731"]
[PlyCount "45"]
[EventDate "2010.09.09"]
[EventType "swiss"]
[EventRounds "6"]
[EventCountry "CAN"]
[SourceTitle "EXT 2022"]
[Source "ChessBase"]
[SourceDate "2021.10.06"]
[SourceVersion "1"]
[SourceVersionDate "2021.10.06"]
[SourceQuality "1"]

1. e4 c5 2. Nc3 Nc6 3. f4 e6 4. Nf3 Nge7 5. Bb5 a6 6. Bxc6 bxc6 7. 0-0 c4 8. d4 cxd3 9. Qxd3 a5 10. Qd4 Qc7 11. Be3 Rb8 12. b3 Ng6 13. Qd2 Be7 14. f5 exf5 15. exf5 Ne5 16. Nxe5 Qxe5 17. Bd4 Qd6 18. Rae1 0-0 19. Ne4 Qb4 20. c3 Qb5 21. f6 gxf6 22. Bxf6 Ba3 23. Qh6 1-0

[Event "Toronto Howard Ridout Swiss U2000"]
[Site "Toronto"]
[Date "2010.09.30"]
[Round "4"]
[White "Moran Venegas, Mario"]
[Black "Gillis, Doug"]
[Result "1/2-1/2"]
[WhiteElo "1731"]
[BlackElo "1675"]
[PlyCount "83"]
[EventDate "2010.09.09"]
[EventType "swiss"]
[EventRounds "6"]
[EventCountry "CAN"]
[SourceTitle "EXT 2022"]
[Source "ChessBase"]
[SourceDate "2021.10.06"]
[SourceVersion "1"]
[SourceVersionDate "2021.10.06"]
[SourceQuality "1"]

1. e4 e6 2. f4 d5 3. e5 c5 4. Nf3 Nc6 5. Bb5 Qb6 6. Bxc6+ bxc6 7. d4 Nh6 8. c3 cxd4 9. cxd4 Bb4+ 10. Nc3 Nf5 11. g4 Ne7 12. a3 Bxc3+ 13. bxc3 Ba6 14. Qc2 Rb8 15. h4 Qb5 16. h5 Qd3 17. Qxd3 Bxd3 18. Kd2 Be4 19. Rh3 h6 20. Ne1 Nc8 21. Nd3 Nb6 22. Nb2 0-0 23. a4 Rfc8 24. a5 Nd7 25. Nd3 c5 26. Ra4 cxd4 27. cxd4 Rb3 28. Ra3 Rcc3 29. Rxb3 Rxb3 30. Nf2 Rxh3 31. Nxh3 f5 32. gxf5 Bxf5 33. Nf2 Nb8 34. Ke3 Nc6 35. Bd2 g6 36. hxg6 Kg7 37. Nh1 Kxg6 38. Ng3 Bc2 39. Bc3 a6 40. Kf2 Bd3 41. Ke3 Bc2 42. Kf2 1/2-1/2

[Event "Toronto Howard Ridout Swiss U2000"]
[Site "Toronto"]
[Date "2010.09.16"]
[Round "2"]
[White "Moran Venegas, Mario"]
[Black "Cale, Ferdinand"]
[Result "0-1"]
[WhiteElo "1731"]
[BlackElo "1817"]
[PlyCount "92"]
[EventDate "2010.09.09"]
[EventType "swiss"]
[EventRounds "6"]
[EventCountry "CAN"]
[SourceTitle "EXT 2022"]
[Source "ChessBase"]
[SourceDate "2021.10.06"]
[SourceVersion "1"]
[SourceVersionDate "2021.10.06"]
[SourceQuality "1"]

1. e4 e6 2. d4 c5 3. Nf3 Nf6 4. Nc3 d5 5. Bb5+ Bd7 6. Bxd7+ Qxd7 7. Ne5 Qc7 8. exd5 Nxd5 9. Nxd5 exd5 10. 0-0 Bd6 11. c3 0-0 12. Re1 f6 13. Nf3 c4 14. Qc2 Nd7 15. Bd2 b5 16. Re2 Rfe8 17. Rae1 Rxe2 18. Rxe2 g6 19. g3 Kf7 20. Kg2 a5 21. h4 Re8 22. Rxe8 Kxe8 23. h5 f5 24. hxg6 hxg6 25. Bg5 Kf7 26. Nh4 Nf6 27. Nf3 Ne4 28. Bh4 f4 29. g4 Qd7 30. Kh3 Qe8 31. Kg2 a4 32. Ng5+ Nxg5 33. Bxg5 Qe6 34. Kf3 Qe1 35. Bxf4 Qh1+ 36. Kg3 Qg1+ 37. Kf3 Bxf4 38. Kxf4 Qe1 39. f3 Kf6 40. g5+ Kf7 41. Qh2 Qc1+ 42. Kg4 Qe3 43. Qc7+ Qe7 44. Qxe7+ Kxe7 45. f4 b4 46. f5 a3 0-1

[Event "Scarborough CC-ch Reserves op"]
[Site "Toronto"]
[Date "2010.03.04"]
[Round "2"]
[White "Super, Russell"]
[Black "Moran Venegas, Mario"]
[Result "1-0"]
[WhiteElo "1449"]
[BlackElo "1735"]
[PlyCount "71"]
[EventDate "2010.02.25"]
[EventType "swiss"]
[EventRounds "9"]
[EventCountry "CAN"]
[SourceTitle "EXT 2022"]
[Source "ChessBase"]
[SourceDate "2021.10.06"]
[SourceVersion "1"]
[SourceVersionDate "2021.10.06"]
[SourceQuality "1"]

1. e4 c5 2. Nf3 d6 3. d4 cxd4 4. Nxd4 Nf6 5. Nc3 a6 6. Be2 Nc6 7. 0-0 e5 8. Nb3 Be6 9. Bg5 Be7 10. h3 0-0 11. Qd2 Qc7 12. Rad1 Rad8 13. a4 Nb4 14. f4 h6 15. Bxf6 Bxf6 16. f5 Bc4 17. Bxc4 Qxc4 18. Kh1 Bg5 19. Qf2 Qc7 20. Nc1 Rd7 21. Nd3 Qc4 22. Nxe5 dxe5 23. Rxd7 Nxc2 24. Qe2 Qb3 25. Rf2 Nd4 26. Qd1 Qb6 27. Qd3 Rc8 28. g3 Bc1 29. Nd5 Qa5 30. Ne7+ Kh7 31. Nxc8 Qxa4 32. Rxf7 Qa1 33. f6 Bxb2+ 34. Kg2 Ne6 35. Qd7 Bd4 36. Rxg7+ 1-0

[Event "Toronto Scarborough CC Falling Leaves"]
[Site "Toronto"]
[Date "2009.12.03"]
[Round "5"]
[White "Moran Venegas, Mario"]
[Black "Manalo, Pepin"]
[Result "0-1"]
[WhiteElo "1718"]
[BlackElo "1829"]
[PlyCount "86"]
[EventDate "2009.11.05"]
[EventType "swiss"]
[EventRounds "7"]
[EventCountry "CAN"]
[SourceTitle "EXT 2011"]
[Source "ChessBase"]
[SourceDate "2010.11.26"]
[SourceVersion "1"]
[SourceVersionDate "2010.11.26"]
[SourceQuality "1"]

1. e4 c6 2. d4 g6 3. Nf3 Bg7 4. c4 d6 5. Nc3 Nd7 6. Be3 Ngf6 7. Be2 Ng4 8. Bf4 Qb6 9. Na4 Qd8 10. Nc3 e5 11. dxe5 Ndxe5 12. Nxe5 Nxe5 13. c5 dxc5 14. Qxd8+ Kxd8 15. 0-0-0+ Ke7 16. Bg5+ f6 17. Be3 b6 18. f4 Ng4 19. Bg1 h5 20. h3 Nh6 21. Bf2 Nf7 22. Rd2 Bh6 23. g3 Be6 24. Kc2 Rhd8 25. Rxd8 Rxd8 26. a3 h4 27. Bd3 c4 28. Be2 hxg3 29. Bxg3 Bg7 30. Bf2 Bh6 31. Bg3 Nd6 32. h4 b5 33. Rg1 Bf7 34. Bh2 a5 35. Bf3 Be8 36. Re1 Nb7 37. e5 f5 38. Nxb5 cxb5 39. Bxb7 Rd3 40. Bg2 b4 41. axb4 Ba4+ 42. Kb1 axb4 43. Re2 Rd1+ 0-1

[Event "Toronto-ch Seniors"]
[Site "Toronto"]
[Date "2009.11.03"]
[Round "4"]
[White "Moran Venegas, Mario"]
[Black "Bellomo, Joe"]
[Result "0-1"]
[WhiteElo "1656"]
[BlackElo "1728"]
[PlyCount "78"]
[EventDate "2009.10.13"]
[EventType "tourn"]
[EventRounds "7"]
[EventCountry "CAN"]
[SourceTitle "EXT 2011"]
[Source "ChessBase"]
[SourceDate "2010.11.26"]
[SourceVersion "1"]
[SourceVersionDate "2010.11.26"]
[SourceQuality "1"]

1. e4 c5 2. Nf3 d6 3. d4 cxd4 4. Nxd4 Nf6 5. Nc3 a6 6. Be3 Nc6 7. Be2 e6 8. 0-0 Be7 9. f4 Qc7 10. Kh1 0-0 11. g4 Nxd4 12. Bxd4 b5 13. g5 Ne8 14. a3 Bb7 15. Bd3 e5 16. Be3 f5 17. Nd5 Bxd5 18. exd5 e4 19. Be2 Rc8 20. Rc1 Qb7 21. b3 Nc7 22. c4 bxc4 23. Bxc4 Nb5 24. a4 Na3 25. Qd4 Nxc4 26. bxc4 Qb3 27. a5 Bd8 28. Bd2 Rf7 29. g6 hxg6 30. Rg1 Qf3+ 31. Rg2 Bf6 32. Qb6 Rfc7 33. Qxd6 Rxc4 34. Rxc4 Rxc4 35. Qb8+ Kh7 36. Qe8 Qh5 37. Be3 Rb4 38. d6 Rb1+ 39. Bg1 Bd4 0-1

[Event "Toronto Howard Ridout op"]
[Site "Toronto"]
[Date "2009.10.29"]
[Round "8"]
[White "Marcille, Gord"]
[Black "Moran Venegas, Mario"]
[Result "1-0"]
[WhiteElo "1855"]
[BlackElo "1762"]
[PlyCount "53"]
[EventDate "2009.09.10"]
[EventType "swiss"]
[EventRounds "8"]
[EventCountry "CAN"]
[SourceTitle "EXT 2011"]
[Source "ChessBase"]
[SourceDate "2010.11.26"]
[SourceVersion "1"]
[SourceVersionDate "2010.11.26"]
[SourceQuality "1"]

1. e4 c5 2. Nf3 d6 3. Nc3 Nc6 4. d4 cxd4 5. Nxd4 Nf6 6. Bb5 Bd7 7. 0-0 g6 8. Bg5 a6 9. Bxf6 exf6 10. Bc4 Bg7 11. Re1 0-0 12. Nxc6 Bxc6 13. Nd5 Rc8 14. Qf3 b5 15. Bb3 Bb7 16. Rad1 Rc5 17. Rd3 Re8 18. Red1 Re5 19. Nc3 Bf8 20. Qe3 Qa8 21. Nd5 Qd8 22. f4 Rh5 23. f5 Kg7 24. Nf4 Rh6 25. Qxc5 dxc5 26. Rxd8 c4 27. R1d7 1-0